000 00421nam a22001817a 4500
003 MPLRDC
005 20220104143708.0
008 210129b ||||| |||| 00| 0 eng d
020 _a983-9768-47-6
082 _a868.71 HNQ
100 _a黄乃群
245 _a画外闲游
_c
250 _a一版一刷
260 _a
_b千秋事业社
_c2000
300 _b
650 _a马华文学
942 _cBK
_o868.71 HNQ
999 _c42428
_d42418